[Event "AUTO-INT-2615"]
[Site "http://www.queenalice.com/game.php?id=1219499"]
[Date "2013.9.24"]
[Round "2"]
[White "cranioque"]
[Black "carpielo"]
[Result "1-0"]
[WhiteElo "1793"]
[BlackElo "1737"]

1. e4 e5 2. Bc4 Bc5 3. Qf3 Nf6 4. d3 d6 5. h3 h6 6. Ne2 O-O 7. Qg3 Nh5 8. Qf3
Qf6 9. Nd2 Qxf3 10. Nxf3 b6 11. O-O Nc6 12. a3 d5 13. Bxd5 Bb7 14. b4 Nd8 15.
Bxb7 Nxb7 16. bxc5 Nxc5 17. Nxe5 a5 18. Nc6 g6 19. Bxh6 Rfe8 20. Ned4 Ne6 21.
Nb5 g5 22. d4 Kh7 23. Bxg5 Rac8 24. Be3 Nef4 25. Bxf4 Nxf4 26. Rfe1 Re6 27. d5
Rg6 28. g3 Nxh3+ 29. Kf1 Rh6 30. Ne7 Re8 31. Nf5 Rh5 32. Nxc7 Re5 33. Kg2 Kg6
34. d6 Rh8 35. d7 Ng5 36. f3 Rc5 37. Ne7+ Kf6 38. Ncd5+ Ke6 39. c3 Rd8 40. f4
Nh7 41. f5+ Kxd7 42. Rab1 Nf6 43. Rxb6 Nxd5 44. Nxd5 Re8 45. Nf6+ 1-0

[Event "AUTO-INT-2615"]
[Site "http://www.queenalice.com/game.php?id=1219504"]
[Date "2013.9.24"]
[Round "2"]
[White "cranioque"]
[Black "tango2011"]
[Result "1-0"]
[WhiteElo "1758"]
[BlackElo "1581"]

1. e4 c5 2. Bc4 e6 3. d3 d6 4. Nf3 Be7 5. O-O Nf6 6. Bg5 O-O 7. Nbd2 h6 8. Bxf6
Bxf6 9. c3 Nc6 10. a3 a6 11. Re1 Na5 12. e5 Be7 13. exd6 Bxd6 14. Ne4 Be7 15. b4
cxb4 16. axb4 Nxc4 17. dxc4 Qc7 18. Qe2 b6 19. b5 a5 20. Nd4 Bb7 21. Rad1 Bc5
22. Nxc5 Bc8 23. Qf3 Rb8 24. Ne4 Bb7 25. Qg3 Qxc4 26. Nf6+ Kh8 27. Nd7 1-0

[Event "AUTO-INT-2615"]
[Site "http://www.queenalice.com/game.php?id=1219505"]
[Date "2013.9.24"]
[Round "2"]
[White "tango2011"]
[Black "cranioque"]
[Result "0-1"]
[WhiteElo "1561"]
[BlackElo "1786"]

1. d4 e6 2. e4 d5 3. e5 a6 4. c3 Nc6 5. Be3 f6 6. exf6 Qxf6 7. Nf3 Bd6 8. Be2
Nge7 9. Bg5 Qg6 10. Bxe7 Nxe7 11. Nh4 Qg5 12. g3 b6 13. f4 Qf6 14. Nd2 Bxf4 15.
gxf4 Qxh4+ 16. Kf1 Qxf4+ 17. Nf3 Nf5 18. Kf2 O-O 19. Qg1 a5 20. Qg2 Ne3 21. Qg3
Qe4 22. Rhg1 g6 23. Qxc7 Ng4+ 24. Rxg4 Qxg4 25. Qxb6 Ba6 26. Qd6 Bxe2 27. Kxe2
Qxf3+ 28. Kd2 Qf2+ 0-1

[Event "AUTO-INT-2615"]
[Site "http://www.queenalice.com/game.php?id=1219506"]
[Date "2013.9.24"]
[Round "2"]
[White "cranioque"]
[Black "renet54"]
[Result "1-0"]
[WhiteElo "1793"]
[BlackElo "1558"]

1. e4 e5 2. Bc4 Nc6 3. Qf3 d5 4. Bxd5 Nf6 5. c3 Bc5 6. b4 O-O 7. bxc5 Bg4 8. Qg3
Qc8 9. h3 Bd7 10. d3 h6 11. Bxc6 Bxc6 12. Qxe5 Re8 13. Qg3 Bxe4 14. dxe4 Nxe4
15. Qf3 Ng5+ 16. Qe2 Rxe2+ 17. Nxe2 Qe6 18. Be3 Re8 19. O-O Qc4 20. Re1 Qd5 21.
Nf4 Qd8 22. Nd2 Qf6 23. Bd4 Qxf4 24. Rxe8+ Kh7 25. Nc4 b6 26. cxb6 axb6 27. Re7
c5 28. Be5 Qxc4 29. Rb7 Qe4 30. Re7 f6 31. Bxf6 Qf4 32. Rxg7+ Kh8 33. Bd4 cxd4
34. Rb7 Ne4 35. f3 dxc3 36. fxe4 Qxe4 37. Rc7 Qe3+ 38. Kh1 Qd3 39. Rc1 Qd2 40.
R7xc3 Qxa2 41. R3c2 Qe6 42. Rc8+ Kg7 43. R1c7+ Kf6 44. Rc6 Qxc6 45. Rxc6+ 1-0

[Event "AUTO-INT-2615"]
[Site "http://www.queenalice.com/game.php?id=1219507"]
[Date "2013.9.24"]
[Round "2"]
[White "renet54"]
[Black "cranioque"]
[Result "1-0"]
[WhiteElo "1549"]
[BlackElo "1783"]

1. e4 e5 2. Nf3 Qf6 3. Nc3 c6 4. Bc4 b5 5. Nd5 cxd5 6. Bxb5 a6 7. Ba4 dxe4 8.
Nxe5 Qxe5 9. O-O Bd6 10. g3 Bb7 11. d3 exd3 12. Qxd3 Ne7 13. Bf4 Qxb2 14. Bxd6
Nbc6 15. Bxe7 Kxe7 16. Rfe1+ Kd8 17. Red1 Nb8 18. Bxd7 Ke7 19. Re1+ Kf6 20. Qf5#
1-0

[Event "AUTO-INT-2509"]
[Site "http://www.queenalice.com/game.php?id=1220961"]
[Date "2013.9.29"]
[Round "2"]
[White "waldi"]
[Black "cranioque"]
[Result "0-1"]
[WhiteElo "1946"]
[BlackElo "1836"]

1. d4 e6 2. c4 h6 3. e4 d5 4. exd5 exd5 5. cxd5 Qxd5 6. Nc3 Qe6+ 7. Be2 Bb4 8.
Qa4+ Nc6 9. a3 Bxc3+ 10. bxc3 Bd7 11. Qc4 Nge7 12. Nf3 O-O 13. O-O Rfe8 14. Bf4
Nd5 15. Be3 Nxe3 16. Qxe6 Rxe6 17. fxe3 Rxe3 18. Bb5 Rxc3 19. d5 Nb8 20. Bxd7
Nxd7 21. Rfe1 Rd8 22. Rec1 Rxc1+ 23. Rxc1 c5 24. dxc6 bxc6 25. Rxc6 Nf6 26. Rc7
Ne4 27. h3 a5 28. Ra7 Rd5 29. Ra8+ Kh7 30. Ra7 f6 31. Ne1 Rd1 32. Kf1 Ng3+ 33.
Kf2 Ne4+ 34. Ke2 Rd5 35. Ke3 Nc3 36. Nc2 Nb1 37. Rb7 Rc5 38. Rxb1 Rxc2 0-1

[Event "AUTO-INT-2509"]
[Site "http://www.queenalice.com/game.php?id=1220962"]
[Date "2013.9.29"]
[Round "2"]
[White "cranioque"]
[Black "waldi"]
[Result "0-1"]
[WhiteElo "1856"]
[BlackElo "2011"]

1. e4 c5 2. Bc4 Nc6 3. Qf3 Nf6 4. d3 Ne5 5. Qe3 Qa5+ 6. c3 Nxc4 7. dxc4 d6 8. h3
e5 9. Ne2 Be6 10. b3 Be7 11. a3 O-O 12. Bb2 h6 13. O-O Nh7 14. b4 Qc7 15. b5
Bxc4 16. a4 f5 17. Nd2 f4 18. Qf3 Ng5 19. Qg4 Be6 20. Qh5 f3 21. gxf3 Nxh3+ 22.
Kh2 Nf4 23. Nxf4 Rxf4 24. Kg2 Rh4 25. Qg6 Rf8 26. Qxe6+ Kh7 27. Rh1 Rf6 28. Qd5
Rg6+ 29. Kf1 Rxh1+ 30. Ke2 Rxa1 31. Bxa1 Bh4 32. Nc4 Rg2 33. Nxd6 Rxf2+ 34. Ke3
Qe7 35. Nf7 Ra2 36. Qxa2 Qf6 37. Qd5 Qf4+ 38. Ke2 Qh2+ 39. Kd3 Qh1 40. Nxe5 Qxa1
41. Nc4 Qb1+ 42. Ke3 Qe1+ 43. Kd3 Qd1+ 44. Nd2 Bg5 45. Qf5+ Kg8 46. f4 Bh4 47.
Qxc5 Be1 48. Qe3 Bxd2 49. Qxd2 Qxa4 50. c4 a5 51. bxa6 bxa6 52. Qc3 Qd1+ 53. Ke3
h5 54. c5 Qg1+ 55. Kf3 Qg4+ 56. Ke3 Qg3+ 57. Kd4 Qxf4 58. Qc4+ Qf7 59. Qxa6 Qd7+
60. Ke5 Qe7+ 61. Qe6+ Kf8 62. Kd5 Ke8 63. Qxe7+ Kxe7 64. c6 Kd8 0-1

[Event "AUTO-INT-2509"]
[Site "http://www.queenalice.com/game.php?id=1220963"]
[Date "2013.9.29"]
[Round "2"]
[White "askasl159"]
[Black "cranioque"]
[Result "0-1"]
[WhiteElo "1806"]
[BlackElo "1807"]

1. e4 e5 2. f4 exf4 3. Bc4 Bc5 4. Nf3 Qe7 5. Qe2 d6 6. d4 Bb6 7. Bxf4 Bg4 8. Nc3
Bxd4 9. Nd5 Qd7 10. h3 Bxf3 11. Qxf3 c6 12. Nc3 b5 13. Bb3 a5 14. a3 Ne7 15. Ba2
O-O 16. b4 a4 17. Rd1 Bxc3+ 18. Qxc3 Re8 19. O-O d5 20. exd5 Nxd5 21. Qf3 Re6
22. Bxd5 cxd5 23. Bxb8 Rxb8 24. Qd3 Rd8 25. Rf5 Rd6 26. Qf3 g6 27. Rf6 d4 28.
Rxd6 Qxd6 29. c3 d3 30. Qe4 d2 31. Qe3 Kf8 32. Qg5 Qd3 33. Qc5+ Kg8 34. Qf2 Qxc3
35. Qe2 Qxa3 36. Qxb5 Qb3 37. Qe2 Qxb4 38. Qe4 Qxe4 39. Kf1 a3 40. Kf2 Rd3 41.
Ra1 d1=Q 42. Rxd1 Rxd1 43. h4 Qxh4+ 44. g3 Qd4+ 45. Kg2 a2 46. Kh3 a1=Q 47. Kg2
Qab2+ 48. Kh3 Rh1# 0-1

[Event "AUTO-INT-2509"]
[Site "http://www.queenalice.com/game.php?id=1220964"]
[Date "2013.9.29"]
[Round "2"]
[White "cranioque"]
[Black "askasl159"]
[Result "0-1"]
[WhiteElo "1823"]
[BlackElo "1801"]

1. e4 e5 2. Bc4 Nf6 3. Qf3 Bc5 4. d3 h6 5. Ne2 d6 6. h3 Bd7 7. d4 exd4 8. a4 Nc6
9. Bd2 Ne5 10. Qb3 b6 11. f4 Nxc4 12. Qxc4 Be6 13. Qb5+ Bd7 14. Qc4 Be6 15. Qd3
d5 16. exd5 Qxd5 17. O-O Bd7 18. b4 Bf5 19. Qg3 Nh5 20. Qh4 Nf6 21. bxc5 Qxc5
22. Re1 O-O 23. Rc1 Rfe8 24. Ng3 Ne4 25. Nxe4 Rxe4 26. c3 d3+ 27. Kh2 Rae8 28.
Qg3 a6 29. c4 c6 30. Nc3 Rxc4 31. Qf3 b5 32. axb5 axb5 33. Ra5 Qb6 34. Rca1 Rd4
35. Be3 Rxe3 36. Qxe3 b4 37. Ra6 Qc5 38. Na4 Qd6 39. Qe8+ Kh7 40. g3 Be4 41.
Qxf7 d2 42. Rd1 Bf3 43. Qf5+ Qg6 44. Qe5 Qe4 45. Qxe4+ Bxe4 46. Nb2 c5 47. Ra5
c4 48. Rc5 Bf3 49. Rf1 c3 50. Rxf3 cxb2 51. Rf1 d1=Q 52. Rxd1 Rxd1 0-1

[Event "AUTO-ADV-3020"]
[Site "http://www.queenalice.com/game.php?id=1237076"]
[Date "2013.12.2"]
[Round "1"]
[White "dladuke7"]
[Black "cranioque"]
[Result "0-1"]
[WhiteElo "1582"]
[BlackElo "1791"]

1. e4 e5 2. Nf3 Qf6 3. Nc3 c6 4. Bc4 a5 5. O-O b5 6. Bd3 Bc5 7. Be2 Ne7 8. d3 h6
9. Be3 Bxe3 10. fxe3 d6 11. Nd2 Qg5 12. Rf3 Ng6 13. Rg3 Qf6 14. Qf1 Nd7 15. d4
exd4 16. exd4 Qxd4+ 17. Kh1 Qxd2 18. Bd3 O-O 19. Rd1 Qf4 20. Ne2 Qe5 21. c3 Nf6
22. Nd4 Bd7 23. Nf5 Bxf5 24. exf5 Nf4 25. Re1 Qd5 26. Qxf4 Nh5 27. Rxg7+ Nxg7
28. f6 Nh5 29. Qg4+ Qg5 30. Qf3 d5 31. Re7 Nxf6 32. Rc7 Rfe8 33. h3 Re3 34. Qd1
Qe5 0-1

[Event "AUTO-ADV-3020"]
[Site "http://www.queenalice.com/game.php?id=1237077"]
[Date "2013.12.2"]
[Round "1"]
[White "cranioque"]
[Black "dladuke7"]
[Result "1-0"]
[WhiteElo "1799"]
[BlackElo "1595"]

1. e4 e5 2. Bc4 Nf6 3. Qf3 Bc5 4. a4 O-O 5. c3 Nc6 6. d3 d6 7. Qg3 a6 8. b4 Ba7
9. Bg5 Be6 10. Bxe6 fxe6 11. Nh3 Qe8 12. f3 Nh5 13. Qg4 Nf6 14. Nd2 Nd7 15. Bh6
Qg6 16. Qxg6 hxg6 17. Bg5 Nf6 18. Nc4 d5 19. exd5 exd5 20. Ne3 Bxe3 21. Bxe3 d4
22. Bd2 Nd5 23. O-O dxc3 24. Bg5 Ndxb4 25. Nf2 Rf5 26. Ne4 Nxd3 27. g4 Rf7 28.
Nxc3 Nd4 29. Kg2 c5 30. Rfd1 Nf4+ 31. Bxf4 Rxf4 32. Nd5 Rxf3 33. Rxd4 Raf8 34.
Rd2 e4 35. Re2 Rd3 36. Ne7+ Kh8 37. Nxg6+ Kg8 38. Nxf8 Kxf8 39. Rf1+ Kg8 40.
Rxe4 Rc3 41. Re7 c4 42. Rxb7 Ra3 43. Rb4 c3 44. Rc1 Ra2+ 45. Kg3 c2 46. Rc4 g5
47. R1xc2 Ra3+ 48. Kg2 Kg7 49. Rd2 Kf6 50. Rd6+ Ke7 51. Rxa6 1-0

[Event "AUTO-ADV-3020"]
[Site "http://www.queenalice.com/game.php?id=1237088"]
[Date "2013.12.2"]
[Round "1"]
[White "Aborigen"]
[Black "cranioque"]
[Result "1-0"]
[WhiteElo "2072"]
[BlackElo "1843"]

1. f4 e6 2. Nf3 Nc6 3. d4 Qf6 4. e3 d5 5. c3 a6 6. Bd3 Bd6 7. O-O Nge7 8. Nbd2
b5 9. Ne5 Qh6 10. Rf3 Nxe5 11. fxe5 Nf5 12. Bxf5 Bxe5 13. Bb1 Qxh2+ 14. Kf2 Bf6
15. Rh3 Bh4+ 16. Kf1 Qxh3 17. gxh3 O-O 18. Qg4 Bf6 19. e4 e5 20. dxe5 Bxg4 21.
exf6 Bxh3+ 22. Kf2 c6 23. Nb3 dxe4 24. Bxe4 Rac8 25. Nc5 Rfe8 26. Bf3 Re5 27.
Be3 g6 28. Nxa6 Rf5 29. Kg3 Rxf6 30. Nc5 Re8 31. Bd4 Rf5 32. Ne4 h5 33. Nf6+
Rxf6 34. Bxf6 Re6 35. Bd4 Bf5 36. Kf2 g5 37. Bxh5 f6 38. Re1 Rd6 39. Kg3 Kg7 40.
Bg4 Bg6 41. Bd1 Rd5 42. Re7+ Bf7 43. Bb3 1-0

[Event "AUTO-ADV-3020"]
[Site "http://www.queenalice.com/game.php?id=1237089"]
[Date "2013.12.2"]
[Round "1"]
[White "cranioque"]
[Black "Aborigen"]
[Result "0-1"]
[WhiteElo "1823"]
[BlackElo "2087"]

1. e4 c5 2. Bc4 e6 3. d3 Nc6 4. c3 Na5 5. Bb5 a6 6. Ba4 b5 7. Bc2 Bb7 8. Qf3 Ne7
9. Ne2 Ng6 10. d4 cxd4 11. cxd4 Bb4+ 12. Bd2 Bxd2+ 13. Nxd2 O-O 14. Qh3 Rc8 15.
Bd3 Qg5 16. Nf3 Qe7 17. e5 d6 18. Nf4 dxe5 19. Nxe5 Nc6 20. Nfxg6 hxg6 21. Bxg6
fxg6 22. Nxg6 Qf6 23. Qh8+ Kf7 24. Nxf8 Rxf8 25. Qh5+ Kg8 26. O-O Nxd4 27. Rfd1
Qxf2+ 28. Kh1 Bxg2# 0-1

[Event "AUTO-ADV-3020"]
[Site "http://www.queenalice.com/game.php?id=1237096"]
[Date "2013.12.2"]
[Round "1"]
[White "cranioque"]
[Black "solzhenitsyn"]
[Result "0-1"]
[WhiteElo "1807"]
[BlackElo "1847"]

1. e4 c5 2. Bc4 e6 3. d3 Nc6 4. Qf3 Ne5 5. Qg3 Nxc4 6. dxc4 g6 7. e5 Bg7 8. Bg5
Qa5+ 9. c3 Qb6 10. b3 Qc6 11. Nd2 Ne7 12. Ngf3 Nf5 13. Qf4 O-O 14. O-O h6 15.
Bf6 Bxf6 16. exf6 Qd6 17. Qe4 Qc6 18. Qxc6 bxc6 19. Ne4 d5 20. cxd5 cxd5 21.
Nxc5 a5 22. a4 Ba6 23. Rfd1 Be2 24. Rd2 Bxf3 25. gxf3 Nh4 26. Rd3 Rac8 27. Nd7
Rfd8 28. Nb6 Rb8 29. Nxd5 Rxd5 30. Rxd5 exd5 31. f4 Rb6 32. Re1 Nf3+ 0-1

[Event "AUTO-ADV-3020"]
[Site "http://www.queenalice.com/game.php?id=1237097"]
[Date "2013.12.2"]
[Round "1"]
[White "solzhenitsyn"]
[Black "cranioque"]
[Result "1-0"]
[WhiteElo "1833"]
[BlackElo "1806"]

1. d4 e6 2. e4 Nc6 3. Nf3 Qf6 4. Bb5 e5 5. Bxc6 Qxc6 6. d5 Qb6 7. Nxe5 h6 8. Nc3
f6 9. Qh5+ Kd8 10. Nf7+ Ke7 11. Nxh8 d6 12. Qf7+ Kd8 13. Qxf8+ Kd7 14. Qxg8 g5
15. Qe6+ Kd8 16. Nf7# 1-0

[Event "AUTO-ADV-3057"]
[Site "http://www.queenalice.com/game.php?id=1250076"]
[Date "2014.1.21"]
[Round "1"]
[White "solzhenitsyn"]
[Black "cranioque"]
[Result "1/2-1/2"]
[WhiteElo "1872"]
[BlackElo "1855"]

1. d4 e6 2. e4 d5 3. e5 Bb4+ 4. Bd2 Nc6 5. Bxb4 Nxb4 6. c3 Nc6 7. Bb5 Bd7 8. Nf3
Nge7 9. O-O a6 10. Bd3 Na5 11. Nbd2 O-O 12. Ng5 h6 13. Qh5 Ng6 14. Nxf7 Rxf7 15.
Qxg6 b6 16. Qh7+ Kf8 17. Bg6 Bb5 18. Qh8+ Ke7 19. Qxd8+ Rxd8 20. Bxf7 Bxf1 21.
Kxf1 Kxf7 22. b4 Nc4 23. Nxc4 dxc4 24. a4 c6 25. Ke2 Kg6 26. Ke3 Kf5 27. h3 g5
28. g4+ Kg6 29. b5 cxb5 30. axb5 a5 31. Ra4 Rd5 32. Rxc4 Rxb5 33. Ra4 h5 34. f3
Rb3 35. Kd3 Rb2 36. c4 Rb3+ 37. Ke4 Rb1 38. d5 exd5+ 39. Kxd5 b5 40. Rxa5 b4 41.
c5 b3 42. Rb5 b2 43. Ke6 hxg4 44. hxg4 Rc1 45. Rxb2 Rxc5 46. Kd6 Rc3 47. Rf2
Rd3+ 48. Ke7 Re3 49. e6 Kg7 50. Kd7 Kf6 51. f4 Rd3+ 52. Kc6 gxf4 53. Rxf4+ Kxe6
54. Kc5 Ke5 55. Rf5+ Ke6 56. Rg5 Kf6 57. Rf5+ Kg6 58. Rf8 Kg7 59. Rf4 Kg6 60.
Kc4 Rg3 61. Kd5 Kg5 62. Rf8 Rxg4 63. Rg8+ Kf5 64. Rxg4 Kxg4 65. Ke5 1/2-1/2

[Event "AUTO-ADV-3057"]
[Site "http://www.queenalice.com/game.php?id=1250077"]
[Date "2014.1.21"]
[Round "1"]
[White "cranioque"]
[Black "solzhenitsyn"]
[Result "1/2-1/2"]
[WhiteElo "1856"]
[BlackElo "1839"]

1. e4 c5 2. Bc4 e6 3. Qf3 Qf6 4. d3 Nc6 5. c3 Ne5 6. Qe2 Nxc4 7. dxc4 Bd6 8. Nf3
h6 9. e5 Bxe5 10. Nxe5 d6 11. Ng4 Qe7 12. O-O Nf6 13. Nxf6+ Qxf6 14. Re1 Bd7 15.
Nd2 O-O-O 16. Nb3 Qg6 17. Be3 Bc6 18. g3 Qe4 19. f3 Qxf3 20. Qxf3 Bxf3 21. Rf1
Bh5 22. h3 f6 23. a4 Be2 24. Rf4 e5 25. Rf2 Bxc4 26. Na5 Be6 27. c4 Bxh3 28. Kh2
Be6 29. b3 b6 30. Nc6 Rd7 31. b4 Bxc4 32. bxc5 dxc5 33. a5 Kb7 34. axb6 Kxc6 35.
bxa7 Ra8 36. Rc2 Rd3 37. Rxc4 Rxe3 38. Ra6+ Kd5 39. Rc2 c4 40. Rb2 Rb3 41. Rd2+
Rd3 42. Rb2 c3 43. Rb8 Rd2+ 44. Kh3 Rxa7 45. Rxa7 Ke4 46. Rc8 c2 47. Rxg7 Ke3
48. Rg6 Rf2 49. Rxh6 Kd2 50. g4 c1=Q 51. Rxc1 Kxc1 52. Rh5 e4 53. Kg3 Rf1 54.
Kg2 Rf4 55. Kg3 Rf1 56. Kg2 Rf4 57. Kg3 Rf1 1/2-1/2

[Event "AUTO-ADV-3057"]
[Site "http://www.queenalice.com/game.php?id=1250084"]
[Date "2014.1.21"]
[Round "1"]
[White "cranioque"]
[Black "marcomasao"]
[Result "1-0"]
[WhiteElo "1818"]
[BlackElo "1753"]

1. e4 e5 2. Bc4 Bc5 3. Qf3 Nf6 4. d3 d6 5. Ne2 Bg4 6. Qg3 Nc6 7. c3 Qe7 8. a4 a6
9. h3 Bxe2 10. Kxe2 Nh5 11. Qg4 g6 12. Re1 Ng7 13. Bg5 Qf8 14. Kf1 h5 15. Qg3 f6
16. Be3 h4 17. Qxg6+ Kd8 18. Bxc5 Ne7 19. Bxd6 cxd6 20. Qg4 Rh5 21. Re3 Rg5 22.
Qxh4 Kd7 23. Nd2 Qg8 24. Bxg8 Rxg8 25. g4 Ne6 26. Rf3 Rf8 27. d4 b6 28. dxe5
Rxe5 29. Rxf6 Rg8 30. Rf7 Ng5 31. Rf6 Ng6 32. Qg3 a5 33. Nc4 Nxe4 34. Nxe5+ dxe5
35. Qd3+ Ke7 36. Rxg6 Nc5 37. Qd6+ Kf7 38. Qf6+ Ke8 39. Rxg8+ Kd7 40. Rg7+ Ke8
41. Qe7# 1-0

[Event "AUTO-ADV-3057"]
[Site "http://www.queenalice.com/game.php?id=1250085"]
[Date "2014.1.21"]
[Round "1"]
[White "marcomasao"]
[Black "cranioque"]
[Result "0-1"]
[WhiteElo "1740"]
[BlackElo "1831"]

1. e4 e5 2. Bc4 Bc5 3. Nf3 Qf6 4. d3 h6 5. Nc3 c6 6. Qe2 a5 7. a3 Ne7 8. Bd2 O-O
9. O-O-O b5 10. Ba2 b4 11. Na4 Qd6 12. Nxc5 Qxc5 13. a4 Ng6 14. Be3 Qd6 15. Bb3
Re8 16. h4 c5 17. h5 Ne7 18. g4 Qc6 19. Nxe5 Qc7 20. Nxf7 Kh7 21. Qf3 d6 22. Bf4
Nec6 23. Bxd6 Qd7 24. Qf5+ Qxf5 25. gxf5 Nd4 26. Bc4 Nd7 27. Rde1 Bb7 28. b3
Rac8 29. Kb1 Nf3 30. Re3 Nd2+ 31. Kc1 Nxc4 32. dxc4 Bxe4 33. Rg1 Bxf5 34. Reg3
Rg8 35. Ne5 Nxe5 36. Bxe5 g5 37. Rd1 Rge8 38. Rd7+ Bxd7 39. f4 Rg8 40. Rd3 Bf5
41. Rf3 Bg4 42. Rf2 Bxh5 43. fxg5 Rxg5 44. Rd2 Rxe5 0-1